Bonus-Malus : πτυχιακή εργασία
Βασικές έννοιες του ρίσκου και τησ ασφάλισης.Τι είναι το Bonus-Malus,περιγραφή και μαθηματική του έκφραση.Θεωρία Αξιοπιστίας,Αμερικανική και Μπεζιανή.Μοντελοποίηση του αριθμού των ατυχημάτων(Poisson,Αρνητική Διωνυμική,Γκαουσσιανά-τροποποιημένη Poisson,μοντέλο Καλού Οδηγού-Κακού Οδηγού).Μια ποιοτική...
Αποθηκεύτηκε σε:
| Κύριος συγγραφέας: | |
|---|---|
| Συγγραφή απο Οργανισμό/Αρχή: | |
| Μορφή: | Thesis Βιβλίο |
| Γλώσσα: | Greek |
| Δημοσίευση: |
2008.
|
| Θέματα: | |
| Διαθέσιμο Online: | http://hdl.handle.net/11610/8076 |
| Ετικέτες: |
Προσθήκη ετικέτας
Δεν υπάρχουν, Καταχωρήστε ετικέτα πρώτοι!
|
MARC
| LEADER | 00000cam a2200000 i 4500 | ||
|---|---|---|---|
| 001 | 1/99878 | ||
| 008 | 081219s2008 gr | ||| |||| ||gre|| | ||
| 035 | |l 10102635 | ||
| 040 | |a GR-MyUA |b gre |e AACR2 | ||
| 041 | 0 | |a gre | |
| 082 | 0 | |a 368.092 |2 (22) | |
| 100 | 1 | |a Τσαγκούλης, Αθανάσιος. | |
| 245 | 1 | 0 | |a Bonus-Malus : |b πτυχιακή εργασία / |c Αθανάσιος Τσαγκούλης ; επιβλέπων καθηγητής, Απόστολος Ανδριτσάκης. |
| 260 | |c 2008. | ||
| 300 | |a 92 σ. : |b πιν. ; |c 30 εκ. | ||
| 502 | |a Πτυχιακή εργασία – Πανεπιστήμιο Αιγαίου, Σάμος, 2008. | ||
| 504 | |a Βιβλιογραφία: σ. 92. | ||
| 506 | 1 | |a Διάθεση πλήρους κειμένου ; |d Ενδοπανεπιστημιακή δημοσίευση. | |
| 520 | |a Βασικές έννοιες του ρίσκου και τησ ασφάλισης.Τι είναι το Bonus-Malus,περιγραφή και μαθηματική του έκφραση.Θεωρία Αξιοπιστίας,Αμερικανική και Μπεζιανή.Μοντελοποίηση του αριθμού των ατυχημάτων(Poisson,Αρνητική Διωνυμική,Γκαουσσιανά-τροποποιημένη Poisson,μοντέλο Καλού Οδηγού-Κακού Οδηγού).Μια ποιοτική σύγκριση των συστημάτων Bonus-Malus ανά τον κόσμο με την χρήση στατιστικών εργαλείων.Βελτιστοποίηση συστημάτων και δίκαια ασφάλιστρα σύμφωνα με την Μπεζιανή στατιστική. | ||
| 610 | 2 | 0 | |a University of the Aegean |x Dissertations. |
| 650 | 0 | 0 | |a Insurance, Automobile. |
| 650 | 0 | 0 | |a Dissertations, Academic |z Greece. |
| 700 | 1 | |a Ανδριτσάκης, Απόστολος, |e dgs | |
| 710 | 2 | |a Πανεπιστήμιο Αιγαίου. |b Σχολή Θετικών Επιστημών. |b Τμήμα Στατιστικής και Αναλογιστικών-Χρηματοοικονομικών Μαθηματικών. | |
| 852 | |a INST |b SAMOS |c DIATR |e 20081219 |h 368.092 ΤΣΑ |p 005300029789 |q 005300029789 |t DIE |y 23 | ||
| 852 | |a INST |b SAMOS |c DIATR |e 20081219 |h 368.092 ΤΣΑ |p 005300029790 |q 005300029790 |t DIE |y 23 | ||
| 856 | |u http://hdl.handle.net/11610/8076 | ||
| 901 | |a BIBL3-2008-3 | ||
| 909 | |a Σ |b 134931 | ||
| 909 | |a Σ |b 134932 | ||
| 924 | |a ΤΣΑΓΚΟΥΛΗΣ |b ΑΘΑΝΑΣΙΟΣ |y Σάμος |z 2008-09 | ||
| 970 | |a ΚΟΣΙΕΡΗΣ |b ΧΡΗΣΤΟΣ |z 2008/12/19 | ||